| 000 | 00535nam a22001337a 4500 | ||
|---|---|---|---|
| 040 | _cRUA | ||
| 082 | _aGRS ROM 2017 B641 Or.1 | ||
| 100 | _aROM CHY រុំ ជី | ||
| 245 | _aprocessing of coconut juice mix with allover ការកែច្នៃភេជ្ចះទឹកដូងលាយប្រទាលកន្ទុយក្រពើរ | ||
| 260 |
_aRUA _bPhnom penh _c2017 |
||
| 300 |
_aix;28p _bill; _c29cm |
||
| 856 | _uhttps://drive.google.com/file/d/1pGNF_ZMrq9AVPtn7GAdW-mOy2p6kib5k/view?usp=sharing | ||
| 942 | _cGRS | ||
| 999 |
_c18091 _d18091 |
||